| 000 -LEADER | |
|---|---|
| fixed length control field | 00404nam a22001457a 4500 |
| 005 - DATE AND TIME OF LATEST TRANSACTION | |
| control field | 20170909113229.0 |
| 008 - FIXED-LENGTH DATA ELEMENTS--GENERAL INFORMATION | |
| fixed length control field | 170909b xxu||||| |||| 00| 0 eng d |
| 020 ## - INTERNATIONAL STANDARD BOOK NUMBER | |
| ISBN | 978-81-265-1090-0 |
| 041 ## - LANGUAGE CODE | |
| Language code of text/sound track or separate title | eng |
| 100 ## - MAIN ENTRY--AUTHOR NAME | |
| Personal name | Riobbins |
| 245 ## - TITLE STATEMENT | |
| Title | Power Electronics Coneveners,Application,and Desgin |
| Medium | [electronic resource] |
| 260 ## - PUBLICATION, DISTRIBUTION, ETC. (IMPRINT) | |
| Name of publisher | Wiley |
| 300 ## - PHYSICAL DESCRIPTION | |
| Number of Pages | 1 CD-ROM |
| Accompanying material | Received along with book. |
| 942 ## - ADDED ENTRY ELEMENTS (KOHA) | |
| Koha item type | CD/DVD |
| Lost status | Damaged status | Home library | Current library | Date acquired | Accession Number | Koha item type | Shelving location | Full call number |
|---|---|---|---|---|---|---|---|---|
| JRU Library | 09/09/2017 | PECAD0001 | CD/DVD | |||||
| JRU Library | 09/09/2017 | PECAD0002 | CD/DVD | |||||
| JRU Library | 09/09/2017 | PECAD0003 | CD/DVD | |||||
| JRU Library | 09/09/2017 | PECAD0004 | CD/DVD | |||||
| JRU Library | 09/09/2017 | PECAD0005 | CD/DVD | |||||
| JRU Library | 19/09/2017 | 22005 | Books | SHELF-37-C | 621.317 | |||
| JRU Library | 19/09/2017 | 22006 | Books | SHELF-37-C | 621.317 | |||
| JRU Library | 19/09/2017 | 22007 | Books | SHELF-37-C | 621.317 | |||
| JRU Library | 19/09/2017 | 22008 | Books | SHELF-37-C | 621.317 | |||
| JRU Library | 19/09/2017 | 22009 | Books | SHELF-37-C | 621.317 |